000 00223nam a2200097Ia 4500
008 190216s9999||||xx |||||||||||||| ||und||
100 _aUmmen K J
245 0 _aPrarambika Topology
260 _bKerala Basha Inst
942 _cBK
999 _c30704
_d30704